Stanovenie hodnoty podniku výnosovou metódou diplomová práca

Uložené v:
Podrobná bibliografia
Hlavný autor: Bednárová, Nikola
Korporativný autor: Fakulta podnikového manažmentu EU. Katedra podnikových financií
Ďalší autori: Smorada, Marián, 1984-
Médium: Kniha
Jazyk:Slovak
Vydavateľské údaje: Bratislava 2018
Tagy: Pridať tag
Žiadne tagy, Buďte prvý, kto otaguje tento záznam!

MARC

LEADER 00000nbm a2200000 4500
001 0244601
005 20181001110733.7
041 0 |a slo 
044 |a SK 
245 1 0 |a Stanovenie hodnoty podniku výnosovou metódou  |b diplomová práca  |c Nikola Bednárová ; školiteľ: Marián Smorada 
264 1 |a Bratislava  |c 2018 
300 |a 96 s. 
100 1 |a Bednárová, Nikola 
700 1 |a Smorada, Marián, 1984- 
710 2 |a Fakulta podnikového manažmentu EU. Katedra podnikových financií